Normal view
MARC view
- chou,eric
Entry Personal Name
001 - CONTROL NUMBER
- control field: 6711
003 - CONTROL NUMBER IDENTIFIER
- control field: JO-AjAnu
005 - DATE AND TIME OF LATEST TRANSACTION
- control field: 20230606071404.0
008 - FIXED-LENGTH DATA ELEMENTS
- fixed length control field: 230606|| aca||aabn | a|a d
040 ## - CATALOGING SOURCE
- Original cataloging agency: JO-AjAnu
- Transcribing agency: JO-AjAnu
100 ## - HEADING--PERSONAL NAME
- Personal name: chou,eric
670 ## - SOURCE DATA FOUND
- Source citation: Work cat.: (JO-AjAnu)3479: chou,eric, author, Mastering Python Networking: Your one-stop solution to using Python for network automation, programmability, and DevOps